Turyn - quiz wielokrotnego wyboru - Statystyki

Ogólne statystyki
  • Ten quiz został rozwiązany 553 razy
  • Średni wynik to 7 z 10
Statystyki odpowiedzi
Zagadnienie Odpowiedź % Poprawnych
Jak brzmi włoska nazwa Turynu? Torino
97%
Który klub piłkarski z siedzibą w Turynie zdobył rekordową liczbę 36 tytułów Serie A? Juventus
93%
Czyj wizerunek widnieje na Całunie Turyńskim? Jezusa Chrystusa
79%
Jakiego regionu jest stolicą Turyn? Piemont
77%
Który z tych obrazów przedstawia Turyn?
72%
Które z poniższych stwierdzeń odnosi się do Turynu? Była to pierwsza stolica współczesnych Włoch
72%
Która z tych firm ma siedzibę w Turynie? Fiat
66%
Kiedy Turyn był gospodarzem Zimowych Igrzysk Olimpijskich? 2006
63%
Nad jaką rzeką leży Turyn? Pad
52%
W Turynie znajduje się muzeum posiadające drugą co do wielkości kolekcję ... Artefaktów egipskich
20%
Nie znaleziono quizów pasujących do podanych kryteriów
Rozkład punktacji
Procent ludzi z każdym wynikiem
Percentyl według liczby udzielonych odpowiedzi
Twoja historia wyników
Nie rozwiązałeś tego quizu